| 000 | 00862nam a22002657a 4500 | ||
|---|---|---|---|
| 003 | DO-SdBPM | ||
| 005 | 20250320104024.0 | ||
| 008 | 161205b 2005 sp a 00| 0 spa d | ||
| 020 | _a9788496412798 | ||
| 040 |
_a _bspa _cBPMSU |
||
| 082 | 4 |
_axxxx _bxxxx |
|
| 100 | 1 |
_a Grimm, Jacob Ludwig Karl, _d1785-1863. |
|
| 245 | 1 | 0 |
_aHansel y Gretel / _cJacobs Grimm ; adaptación Alberto Szpunberg ; ilustración Sergio Kern ; |
| 260 |
_aMadrid : _bEl País, _c2005. |
||
| 300 |
_a45 p. : _bil., _c20 cm. |
||
| 490 | 0 |
_aCuentos infantiles, _v21 |
|
| 590 | _aInventariado, 2025/VM | ||
| 650 | 4 | _aCuentos infantiles alemanes | |
| 650 | 4 | _a Cuentos de hadas infantiles | |
| 650 | 4 | _aLibros ilustrados para niños | |
| 700 | 1 |
_aKern, Sergio, _eilustración |
|
| 700 | 1 |
_aSzpunberg, Alberto _eautor |
|
| 910 | _aVMateo V. Control de calidad. BPMSU | ||
| 942 |
_2ddc _cBK |
||
| 999 |
_c12285 _d12285 |
||